000 00783nam a2200241 a 4500
001 000016553
005 20200929164928.0
008 100308s2004 dr a 000 0 spa d
040 _aDO-SdBNP
_bspa
_cBNPHU
082 _a611.65
_bR696a
100 1 _aRodríguez, Ana Teresa
_936798
245 1 0 _aAnatomía y fisiología de los órganos sexuales y reproductores de la mujer /
_cAna Teresa Rodríguez, Pilar Llamas.
260 _aSanto Domingo :
_bBuho,
_c[19--?].
300 _a61 p. :
_bil. ;
_c26 cm.
490 1 _aSalud y sexualidad
490 1 _aMujer y salud
504 _aIncluye bibliografías [p. 61]
650 4 _aAnatomia humana
_97327
650 4 _aFisiología
_936799
830 0 _aSalud y sexualidad
_936800
830 0 _aSalud y sexualidad
_936800
049 _aBNPD
999 _c16086
_d16086